| 000 | 005050000a22001690004500 | ||
|---|---|---|---|
| 003 | MACL | ||
| 005 | 20160310130153.0 | ||
| 008 | 160310b xxu||||| |||| 00| 0 eng d | ||
| 040 |
_aMACL _cMACL |
||
| 041 | _aHindi | ||
| 082 | _a891.433 | ||
| 100 |
_aप्रियदर्शन _944036 |
||
| 245 | _aइतिहास और कल्पना | ||
| 260 |
_bशिवलाल अग्रवाल एण्ड _c1954 _aआगरा |
||
| 650 |
_aNovel _944437 |
||
| 942 |
_cHIN _k891.433 _2ddc |
||
| 999 |
_c24796 _d24796 |
||